01673nmm a2200265 i 4500003000900000005001700009007000300026008004100029040003300070100004600103245031700149264003800466300005400504336002700558337002900585338003900614347003100653502019700684504002900881505022100910650005701131650003801188700004101226856014001267DO-SdISF20250324123335.0ta240205s2020 dr ||||fo||d| 00| 0 spa d aDO-SdISFbspaerdacDO-SdISF1 aRosario Rodríguez, José Luíseautor10aNivel de apropiación de las competencias fundamentales que presentan los estudiantes, docentes de educación física y personal administrativo del primer ciclo del nivel secundario del distrito educativo 08-03 de Santiago /csustentada : José Luís Rosario Rodríguez ; asesor: Mauricio Javier Prada Rozo 1aSanto Domingo :bISFODOSU, c2020 a1 recurso en línea (212 hojas) :bilustraciones 2rdacontentatextobtxt 2rdamediaacomputadorabc 2rdacarrierarecurso en líneabcr 2rdaaarchivo de textobPDF aTesis para optar por el título de Maestría en Educación Física Integral - Instituto Superior de Formación Docente Salomé Ureña - ISFODOSU, Recinto Eugenio María de Hostos, 2020 aBiblografía en hoja 34 aIntroducción al problema de investigación 1 - Revisión de literatura 23 - Metodología 43 - Presentación de los resultados 60 - Discución de los resultados 158 - Referencias bibliograficas 166 - Anexos 19517aEducación físicazRepública Dominicana2armarc17aCalidad de la educación2armarc aPrada Rozo, Mauricio Javier easesor yClic para ver Texto completouhttps://biblioteca.isfodosu.edu.do/cgi-bin/koha/opac-retrieve-file.pl?id=bc6c2b842d5a71c6c3722f2317c35ee2